Statistiques concernant Les villes de naissance des personnalités francophones

Cliquez ici pour prendre le quiz!

Statistiques générales

  • Ce quiz a été pris 47 fois
  • Le résultat moyen est 4 sur 15

Statistiques - réponses

Les personnalitésLa ville de naissance% Correct
Charles AznavourParis
100%
Mimie MathyLyon
60%
Antoine GriezmannMâcon
45%
François HollandeRouen
43%
Honoré de BalzacTours
31%
VianneyPau
29%
Karine Le MarchandNancy
21%
Omar SyTrappes
21%
Francis CabrelAgen
12%
Cyril LignacRodez
12%
LouaneHénin-Beaumont
10%
Dany BoonArmentières
5%
Jean DujardinReuil-Malmaison
5%
Valérie LemercierDieppe
2%
Rachida DatiSaint-Rémi
0%

Distribution des résultats

Percentile par nombre de réponses

% des personnes avec chaque résultat

Votre développement - résultats

Vous n’avez pas pris ce quiz